Countries with the most Paralympics medals - Statistics

General Stats
  • This quiz has been taken 825 times
    36 since last reset
  • The average score is 12 of 15
Answer Stats
Medals Country % Correct
2721 United States of America
97%
2088 Great Britain
94%
743 Italy
94%
770 Spain
94%
1303 Australia
91%
1300 Canada
91%
1519 China
91%
1041 Germany
89%
1347 France
86%
881 Netherlands
74%
756 Sweden
74%
821 Poland
60%
721 Austria
51%
695 Ukraine
49%
938 West Germany
17%
No matching quizzes found
Score Distribution
Percent of People with Each Score
Percentile by Number Answered
Your Score History
You have not taken this quiz since the last reset